| 000 | 00943nac a22002291u 4500 | ||
|---|---|---|---|
| 008 | 100902t xxu||||| |||| 00| 0 eng d | ||
| 010 | _a45008989 | ||
| 035 | _a(OCoLC)1202182 | ||
| 082 |
_a621.43 _bMAL |
||
| 100 |
_aMaleev, Vladimir Leoni _917824 |
||
| 245 | 1 | 0 |
_aInternal-Combustion Engines: _cBy V. L. Maleev _bTheory and Design/ |
| 250 | _a2nd ed. | ||
| 260 |
_aNew York, _bLondon, _bMcGraw-Hill Book Company, inc., _cC.1945. |
||
| 300 |
_axii, 636 p. : _billus., diagrs. (part fold.) ; _c22 cm. |
||
| 500 | _a"Answers to problems": p. 629-636. | ||
| 500 | _aDonations. | ||
| 500 | _aDonations - Bibliotheca Alexandrina. | ||
| 504 | _aBibliographical foot-notes. | ||
| 650 | 0 |
_aInternal combustion engines. _917825 |
|
| 942 |
_cBB _k621.43 MAL _2ddc |
||
| 999 |
_c3503 _d3503 |
||